| 000 | 01359nam a2200325 i 4500 | ||
|---|---|---|---|
| 001 | 190770 | ||
| 003 | ES-MaACL | ||
| 005 | 20250803000106.0 | ||
| 008 | 220704s2022 sp 001 0 spa d | ||
| 020 | _a978-84-125120-2-1 | ||
| 080 | _a123.1 | ||
| 100 | 1 |
_aLópez Arriba, Pedro, _d1956- _973422 |
|
| 245 | 1 | 3 |
_aLa idea de libertad en la historia de España / _cPedro López Arriba. |
| 250 | _a1ª ed. | ||
| 260 |
_aMadrid : _bVitrubio, _c2022. |
||
| 300 |
_a248 p. ; _c21 cm. |
||
| 505 | 8 | _aContiene: La libertad en el mundo ; La libertad en la historia de España ; El pensamiento político español en los siglos XVI y XVII ; La Ilustración en España ; La Constitución de 1812 | |
| 594 | _aLibro presentado en el Ateneo de Madrid el 18 de marzo de 2022 | ||
| 610 | 1 | 4 |
_aEspaña. _tConstitución, 1812. _93652 |
| 650 | 4 |
_aLibertad. _914400 |
|
| 650 | 4 |
_aHistoria- _xFilosofía. _913380 |
|
| 650 | 4 |
_aPolítica- _zEspaña- _yS.XVI. _916271 |
|
| 650 | 4 |
_aPolítica- _zEspaña- _yS.XVII. _9172012 |
|
| 650 | 4 |
_aIlustración- _zEspaña _913585 |
|
| 852 | 4 |
_aES-MaACL _jA-14989 _9 197952 _bR.153273 _cDEPO1 _dOlim: N-7989 _gDedicatoria autógrafa del autor _hDonación: Pedro López Arriba |
|
| 903 |
_973422 _aLópez Arriba, Pedro, _d1956- _ednr |
||
| 942 |
_2udc _cMONOGRAFIA |
||
| 999 |
_c190770 _d190770 |
||